[Event "Blitz 2018"]
[Site "Saint-Petersburg"]
[Date "2018.12.30"]
[Round "14"]
[Board "30"]
[White "Ghaem Maghami Ehsan (IRI)"]
[Black "Vokhidov Shamsiddin (UZB)"]
[Result "1-0"]
[LiveChessVersion "1.4.8"]
[BlackElo "2414"]
[WhiteElo "2582"]

1. c4 {[%clk 0:03:03]} e5 {[%clk 0:03:03]} 2. Nc3 {[%clk 0:03:03]} Nf6
{[%clk 0:03:04]} 3. Nf3 {[%clk 0:03:04]} Nc6 {[%clk 0:03:05]} 4. e4
{[%clk 0:03:05]} Bb4 {[%clk 0:03:00]} 5. d3 {[%clk 0:03:04]} d6 {[%clk 0:03:00]}
6. a3 {[%clk 0:02:59]} Bxc3+ {[%clk 0:03:00]} 7. bxc3 {[%clk 0:03:00]} O-O
{[%clk 0:02:57]} 8. g3 {[%clk 0:02:54]} Nd7 {[%clk 0:02:52]} 9. Bg2
{[%clk 0:02:52]} Nc5 {[%clk 0:02:53]} 10. Nh4 {[%clk 0:02:50]} Ne7
{[%clk 0:02:50]} 11. Be3 {[%clk 0:02:42]} b6 {[%clk 0:02:46]} 12. O-O
{[%clk 0:02:40]} Bb7 {[%clk 0:02:47]} 13. Qc2 {[%clk 0:02:27]} Qd7
{[%clk 0:02:44]} 14. a4 {[%clk 0:02:22]} f5 {[%clk 0:02:44]} 15. Bh3
{[%clk 0:02:04]} Qc6 {[%clk 0:02:40]} 16. f3 {[%clk 0:02:02]} fxe4
{[%clk 0:02:34]} 17. fxe4 {[%clk 0:02:00]} a5 {[%clk 0:02:22]} 18. Bg5
{[%clk 0:01:53]} Ng6 {[%clk 0:02:13]} 19. Nf5 {[%clk 0:01:53]} Bc8
{[%clk 0:02:10]} 20. Bg2 {[%clk 0:01:50]} Qe8 {[%clk 0:02:10]} 21. Rf2
{[%clk 0:01:46]} Bd7 {[%clk 0:02:11]} 22. Raf1 {[%clk 0:01:46]} Bxa4
{[%clk 0:02:06]} 23. Qe2 {[%clk 0:01:47]} Kh8 {[%clk 0:02:01]} 24. h4
{[%clk 0:01:47]} Ne6 {[%clk 0:01:56]} 25. Qg4 {[%clk 0:01:42]} Nxg5 26. Qxg5
{[%clk 0:01:43]} h6 {[%clk 0:01:19]} 27. Qg4 {[%clk 0:01:43]} Rg8
{[%clk 0:01:06]} 28. h5 {[%clk 0:01:41]} Nf8 {[%clk 0:01:07]} 29. Qh4
{[%clk 0:01:35]} Ne6 {[%clk 0:01:03]} 30. Ne7 {[%clk 0:01:33]} Ng5
{[%clk 0:00:56]} 31. Ng6+ {[%clk 0:01:17]} Kh7 {[%clk 0:00:57]} 32. Bh3
{[%clk 0:01:18]} Bd7 {[%clk 0:00:58]} 33. Rf5 {[%clk 0:00:33]} a4
{[%clk 0:00:45]} 34. Bg4 {[%clk 0:00:10]} Be6 {[%clk 0:00:46]} 35. Nf8+
{[%clk 0:00:07]} Kh8 {[%clk 0:00:29]} 36. Ng6+ {[%clk 0:00:05]} Kh7
{[%clk 0:00:29]} 37. Rf8 {[%clk 0:00:04]} Qd7 {[%clk 0:00:24]} 38. Bxe6
{[%clk 0:00:05]} Nxe6 {[%clk 0:00:20]} 39. R8f7 {[%clk 0:00:05]} Qd8
{[%clk 0:00:19]} 40. Qg4 {[%clk 0:00:06]} Ng5 {[%clk 0:00:17]} 41. Qf5
{[%clk 0:00:07]} Qc8 {[%clk 0:00:17]} 42. Nf8+ {[%clk 0:00:08]} Kh8
{[%clk 0:00:16]} 43. Qh7+ {[%clk 0:00:09]} Nxh7 {[%clk 0:00:17]} 44. Ng6#
{[%clk 0:00:11]} 1-0

[Event "Blitz 2018"]
[Site "Saint-Petersburg"]
[Date "2018.12.30"]
[Round "14"]
[Board "31"]
[White "Khusnutdinov Rustam (KAZ)"]
[Black "Yakubboev Nodirbek (UZB)"]
[Result "1-0"]
[LiveChessVersion "1.4.8"]
[BlackElo "2388"]
[WhiteElo "2582"]

1. Nc3 {[%clk 0:03:03]} Nf6 {[%clk 0:03:00]} 2. e4 {[%clk 0:03:02]} e5
{[%clk 0:03:01]} 3. Nf3 {[%clk 0:03:03]} Nc6 {[%clk 0:03:01]} 4. Be2
{[%clk 0:03:04]} d5 {[%clk 0:02:57]} 5. exd5 {[%clk 0:03:05]} Nxd5
{[%clk 0:02:58]} 6. O-O {[%clk 0:03:06]} Nxc3 {[%clk 0:02:57]} 7. bxc3
{[%clk 0:03:07]} e4 {[%clk 0:02:50]} 8. Ne1 {[%clk 0:03:08]} f5 {[%clk 0:02:52]}
9. d4 {[%clk 0:02:43]} Bd6 {[%clk 0:02:42]} 10. f3 {[%clk 0:02:44]} exf3
{[%clk 0:02:33]} 11. Nxf3 {[%clk 0:02:43]} O-O {[%clk 0:02:30]} 12. Bc4+
{[%clk 0:02:32]} Kh8 {[%clk 0:02:31]} 13. Ng5 {[%clk 0:02:33]} Qe8
{[%clk 0:02:10]} 14. Re1 {[%clk 0:02:17]} Qg6 {[%clk 0:02:11]} 15. Ne6
{[%clk 0:02:17]} Bxe6 {[%clk 0:02:06]} 16. Rxe6 {[%clk 0:02:15]} Rf6
{[%clk 0:02:03]} 17. Re1 {[%clk 0:01:43]} Raf8 {[%clk 0:01:48]} 18. Qf3
{[%clk 0:01:42]} Nd8 {[%clk 0:01:42]} 19. Bf4 {[%clk 0:01:38]} Bxf4
{[%clk 0:01:33]} 20. Qxf4 {[%clk 0:01:39]} Rc6 {[%clk 0:01:34]} 21. Bb5
{[%clk 0:01:02]} Rxc3 {[%clk 0:01:29]} 22. Qd2 {[%clk 0:01:03]} Ra3
{[%clk 0:01:10]} 23. Qb4 {[%clk 0:01:04]} Qd6 {[%clk 0:01:11]} 24. Qxd6
{[%clk 0:01:00]} cxd6 {[%clk 0:01:12]} 25. Re7 {[%clk 0:01:01]} Rc3
{[%clk 0:01:12]} 26. Bd3 {[%clk 0:01:01]} g6 {[%clk 0:01:05]} 27. Rae1
{[%clk 0:00:58]} Ra3 {[%clk 0:00:39]} 28. Bc4 {[%clk 0:00:49]} Ra4
{[%clk 0:00:37]} 29. Rc7 {[%clk 0:00:47]} Nc6 {[%clk 0:00:38]} 30. Bb5
{[%clk 0:00:46]} Rxd4 {[%clk 0:00:37]} 31. Bxc6 {[%clk 0:00:45]} bxc6
{[%clk 0:00:38]} 32. Ree7 {[%clk 0:00:47]} Rb8 {[%clk 0:00:34]} 33. Rxh7+
{[%clk 0:00:47]} Kg8 {[%clk 0:00:36]} 34. Rcg7+ {[%clk 0:00:47]} Kf8
{[%clk 0:00:37]} 35. Rxa7 {[%clk 0:00:46]} Rb1+ {[%clk 0:00:37]} 36. Kf2
{[%clk 0:00:47]} Kg8 {[%clk 0:00:38]} 37. Rag7+ {[%clk 0:00:45]} Kf8
{[%clk 0:00:39]} 38. Rc7 {[%clk 0:00:46]} Kg8 {[%clk 0:00:40]} 39. Rhg7+
{[%clk 0:00:47]} Kf8 {[%clk 0:00:41]} 40. Rcf7+ {[%clk 0:00:45]} Ke8
{[%clk 0:00:42]} 41. Ra7 {[%clk 0:00:45]} Kf8 {[%clk 0:00:43]} 42. Rgc7
{[%clk 0:00:45]} Rf4+ {[%clk 0:00:39]} 43. Kg3 {[%clk 0:00:40]} Rg4+
{[%clk 0:00:40]} 44. Kh3 {[%clk 0:00:38]} Re4 {[%clk 0:00:36]} 45. Rh7
{[%clk 0:00:34]} Kg8 {[%clk 0:00:29]} 46. Rag7+ Kf8 47. Rxg6 {[%clk 0:00:31]} Rd1
{[%clk 0:00:26]} 48. Rgg7 {[%clk 0:00:30]} Re3+ {[%clk 0:00:25]} 49. g3
{[%clk 0:00:30]} Rd2 {[%clk 0:00:22]} 50. Rf7+ {[%clk 0:00:30]} Kg8
{[%clk 0:00:23]} 51. Rhg7+ {[%clk 0:00:31]} Kh8 {[%clk 0:00:25]} 52. Rh7+
{[%clk 0:00:33]} Kg8 {[%clk 0:00:26]} 53. Rfg7+ Kf8 54. Rc7 {[%clk 0:00:35]} Kg8
{[%clk 0:00:29]} 55. Rhg7+ {[%clk 0:00:34]} Kf8 {[%clk 0:00:30]} 56. Rh7
{[%clk 0:00:25]} Kg8 {[%clk 0:00:31]} 57. Rcg7+ {[%clk 0:00:26]} Kf8
{[%clk 0:00:32]} 58. Ra7 {[%clk 0:00:18]} Kg8 {[%clk 0:00:33]} 59. Rhc7
{[%clk 0:00:15]} Kf8 {[%clk 0:00:23]} 60. Ra8+ {[%clk 0:00:16]} Re8
{[%clk 0:00:24]} 61. Rxe8+ {[%clk 0:00:17]} Kxe8 {[%clk 0:00:26]} 62. Rxc6
{[%clk 0:00:18]} Kd7 {[%clk 0:00:27]} 63. Rc3 {[%clk 0:00:19]} Rd4
{[%clk 0:00:27]} 64. Kg2 {[%clk 0:00:18]} Rd2+ {[%clk 0:00:28]} 65. Kh3
{[%clk 0:00:19]} d5 {[%clk 0:00:27]} 66. a4 {[%clk 0:00:19]} Rd4 {[%clk 0:00:27]}
67. Ra3 {[%clk 0:00:18]} Rc4 {[%clk 0:00:28]} 68. c3 {[%clk 0:00:19]} Kc6
{[%clk 0:00:28]} 69. a5 {[%clk 0:00:20]} Kb7 {[%clk 0:00:28]} 70. Kg2
{[%clk 0:00:21]} Ka6 {[%clk 0:00:29]} 71. h4 {[%clk 0:00:23]} Rc8
{[%clk 0:00:23]} 72. Kf3 {[%clk 0:00:23]} Rc4 {[%clk 0:00:24]} 73. h5
{[%clk 0:00:24]} Re4 {[%clk 0:00:19]} 74. Ra1 {[%clk 0:00:22]} Rc4
{[%clk 0:00:20]} 75. h6 {[%clk 0:00:23]} Rxc3+ {[%clk 0:00:21]} 76. Kf4
{[%clk 0:00:24]} d4 {[%clk 0:00:16]} 77. h7 {[%clk 0:00:21]} Rc8 {[%clk 0:00:17]}
78. Kxf5 {[%clk 0:00:22]} d3 {[%clk 0:00:15]} 79. Rd1 {[%clk 0:00:23]} Rc5+
{[%clk 0:00:13]} 80. Kg4 {[%clk 0:00:21]} Rc4+ {[%clk 0:00:13]} 81. Kh3
{[%clk 0:00:22]} Rc8 {[%clk 0:00:11]} 82. Rxd3 {[%clk 0:00:23]} Rh8
{[%clk 0:00:12]} 83. Rd7 {[%clk 0:00:25]} Kxa5 {[%clk 0:00:13]} 84. g4
{[%clk 0:00:26]} Kb6 {[%clk 0:00:15]} 85. g5 Kc6 86. Rf7 Kd6 87. g6
{[%clk 0:00:27]} Ke6 {[%clk 0:00:19]} 88. Kg4 {[%clk 0:00:28]} Rb8
{[%clk 0:00:19]} 89. Kg5 {[%clk 0:00:27]} Ra8 {[%clk 0:00:19]} 90. Kh6
{[%clk 0:00:28]} 1-0

[Event "Blitz 2018"]
[Site "Saint-Petersburg"]
[Date "2018.12.30"]
[Round "14"]
[Board "32"]
[White "Yilmaz Mustafa (TUR)"]
[Black "Popov Valerij (RUS)"]
[Result "0-1"]
[LiveChessVersion "1.4.8"]
[BlackElo "2574"]
[WhiteElo "2515"]

1. d4 {[%clk 0:03:03]} d5 {[%clk 0:03:03]} 2. c4 {[%clk 0:03:04]} e6
{[%clk 0:03:04]} 3. Nc3 {[%clk 0:03:05]} Bb4 {[%clk 0:03:04]} 4. cxd5
{[%clk 0:03:05]} exd5 {[%clk 0:03:05]} 5. Bf4 {[%clk 0:03:06]} c6
{[%clk 0:02:56]} 6. e3 {[%clk 0:03:06]} Bf5 {[%clk 0:02:52]} 7. Bd3
{[%clk 0:03:00]} Ne7 {[%clk 0:02:43]} 8. Nge2 {[%clk 0:02:57]} O-O
{[%clk 0:02:35]} 9. Qc2 {[%clk 0:02:25]} Bxd3 {[%clk 0:02:29]} 10. Qxd3
{[%clk 0:02:26]} Nd7 {[%clk 0:02:28]} 11. f3 {[%clk 0:02:22]} Nb6
{[%clk 0:02:19]} 12. O-O-O {[%clk 0:02:17]} a5 {[%clk 0:01:56]} 13. Kb1
{[%clk 0:02:12]} Ng6 {[%clk 0:01:51]} 14. Bg3 {[%clk 0:02:10]} Nc4
{[%clk 0:01:51]} 15. e4 {[%clk 0:02:07]} Re8 {[%clk 0:01:46]} 16. h4
{[%clk 0:02:07]} Qb6 {[%clk 0:01:47]} 17. h5 {[%clk 0:00:58]} Nf8
{[%clk 0:01:41]} 18. Bf4 {[%clk 0:00:31]} a4 {[%clk 0:01:34]} 19. Bc1
{[%clk 0:00:27]} Ba3 {[%clk 0:01:35]} 20. Rd2 {[%clk 0:00:19]} Nxd2+
{[%clk 0:01:32]} 21. Qxd2 {[%clk 0:00:21]} Bb4 {[%clk 0:01:28]} 22. h6
{[%clk 0:00:22]} g6 {[%clk 0:01:28]} 23. Qg5 {[%clk 0:00:20]} Ne6
{[%clk 0:01:19]} 24. Qe3 {[%clk 0:00:09]} dxe4 {[%clk 0:01:15]} 25. Nxe4
{[%clk 0:00:10]} Be7 {[%clk 0:01:10]} 26. Qc3 {[%clk 0:00:10]} Qa5
{[%clk 0:01:08]} 27. Qc2 {[%clk 0:00:11]} Rad8 {[%clk 0:01:03]} 28. Bd2
{[%clk 0:00:12]} Qb5 {[%clk 0:01:03]} 29. Bc3 {[%clk 0:00:13]} f5
{[%clk 0:01:01]} 30. N4g3 {[%clk 0:00:10]} Bf8 {[%clk 0:00:59]} 31. Rd1
{[%clk 0:00:07]} Bxh6 {[%clk 0:00:57]} 32. Rh1 {[%clk 0:00:08]} Bg7
{[%clk 0:00:59]} 33. Nf1 {[%clk 0:00:05]} Nxd4 {[%clk 0:00:56]} 34. Nxd4
{[%clk 0:00:06]} Bxd4 {[%clk 0:00:58]} 35. Ng3 {[%clk 0:00:06]} a3
{[%clk 0:00:56]} 36. Bxd4 {[%clk 0:00:03]} Rxd4 {[%clk 0:00:57]} 37. b3
{[%clk 0:00:04]} Qd3 {[%clk 0:00:58]} 38. Qxd3 {[%clk 0:00:03]} Rxd3 39. Kc2 Red8
{[%clk 0:01:00]} 40. Nf1 {[%clk 0:00:05]} Rd1 {[%clk 0:01:01]} 0-1

[Event "Blitz 2018"]
[Site "Saint-Petersburg"]
[Date "2018.12.30"]
[Round "14"]
[Board "33"]
[White "Petrosian Tigran L. (ARM)"]
[Black "Sychev Klementy (RUS)"]
[Result "0-1"]
[LiveChessVersion "1.4.8"]
[BlackElo "2594"]
[WhiteElo "2700"]

1. Nf3 {[%clk 0:03:04]} Nf6 {[%clk 0:03:03]} 2. g3 {[%clk 0:03:05]} d5
{[%clk 0:03:05]} 3. Bg2 {[%clk 0:03:07]} g6 {[%clk 0:03:06]} 4. d3
{[%clk 0:03:08]} Bg7 {[%clk 0:03:07]} 5. Nbd2 {[%clk 0:03:09]} O-O
{[%clk 0:03:08]} 6. e4 {[%clk 0:03:10]} e6 {[%clk 0:03:07]} 7. O-O
{[%clk 0:03:10]} c5 {[%clk 0:03:08]} 8. Re1 {[%clk 0:03:11]} Nc6 {[%clk 0:03:10]}
9. c3 {[%clk 0:03:08]} a5 {[%clk 0:03:11]} 10. a4 {[%clk 0:03:08]} b6
{[%clk 0:03:11]} 11. exd5 {[%clk 0:03:02]} exd5 {[%clk 0:03:08]} 12. Nb1
{[%clk 0:03:00]} Bf5 {[%clk 0:03:07]} 13. Na3 {[%clk 0:02:58]} Qd7
{[%clk 0:03:06]} 14. Nb5 {[%clk 0:02:54]} Rfe8 {[%clk 0:03:04]} 15. Rxe8+
{[%clk 0:02:50]} Rxe8 {[%clk 0:02:50]} 16. Bf4 {[%clk 0:02:51]} Ra8
{[%clk 0:01:04]} 17. Ne5 {[%clk 0:02:02]} Nxe5 {[%clk 0:01:05]} 18. Bxe5
{[%clk 0:02:03]} Rc8 {[%clk 0:00:58]} 19. d4 {[%clk 0:02:02]} Ne4
{[%clk 0:00:51]} 20. Bxg7 {[%clk 0:01:57]} Kxg7 {[%clk 0:00:52]} 21. Qf3
{[%clk 0:01:11]} c4 {[%clk 0:00:37]} 22. Re1 {[%clk 0:01:06]} Re8
{[%clk 0:00:38]} 23. Re3 {[%clk 0:00:57]} Nf6 {[%clk 0:00:31]} 24. Qf4
{[%clk 0:00:51]} Rxe3 {[%clk 0:00:29]} 25. Qxe3 {[%clk 0:00:47]} Bc2
{[%clk 0:00:30]} 26. Qe5 {[%clk 0:00:43]} Bxa4 {[%clk 0:00:28]} 27. Nc7
{[%clk 0:00:44]} Bc6 {[%clk 0:00:23]} 28. h4 {[%clk 0:00:31]} Qf5
{[%clk 0:00:26]} 29. Qd6 {[%clk 0:00:13]} Ng4 {[%clk 0:00:26]} 30. f3
{[%clk 0:00:05]} Ne3 {[%clk 0:00:27]} 31. Qxc6 {[%clk 0:00:03]} Qc2
{[%clk 0:00:20]} 32. Bh1 {[%clk 0:00:03]} Nd1 {[%clk 0:00:16]} 33. Qf6+
{[%clk 0:00:03]} Kxf6 {[%clk 0:00:16]} 34. Nxd5+ {[%clk 0:00:04]} Kg7
{[%clk 0:00:17]} 0-1

[Event "Blitz 2018"]
[Site "Saint-Petersburg"]
[Date "2018.12.30"]
[Round "14"]
[Board "34"]
[White "Shirov Alexei (ESP)"]
[Black "Saric Ivan (CRO)"]
[Result "0-1"]
[LiveChessVersion "1.4.8"]
[BlackElo "2572"]
[WhiteElo "2699"]

1. e4 {[%clk 0:03:03]} g6 {[%clk 0:03:04]} 2. d4 {[%clk 0:03:04]} d6
{[%clk 0:03:05]} 3. Nc3 {[%clk 0:03:05]} Bg7 {[%clk 0:03:06]} 4. f4
{[%clk 0:03:06]} Nf6 {[%clk 0:03:07]} 5. Nf3 {[%clk 0:03:07]} O-O
{[%clk 0:03:08]} 6. Bd3 {[%clk 0:03:06]} Nc6 {[%clk 0:03:09]} 7. e5
{[%clk 0:03:07]} dxe5 {[%clk 0:03:10]} 8. fxe5 {[%clk 0:03:09]} Nh5
{[%clk 0:03:11]} 9. Be3 {[%clk 0:03:06]} Bg4 {[%clk 0:03:11]} 10. Be2
{[%clk 0:03:06]} f6 {[%clk 0:03:12]} 11. exf6 {[%clk 0:03:05]} exf6
{[%clk 0:03:13]} 12. O-O {[%clk 0:03:04]} Re8 {[%clk 0:03:13]} 13. Qd2
{[%clk 0:02:58]} Ne7 {[%clk 0:03:14]} 14. h3 {[%clk 0:02:27]} Be6
{[%clk 0:03:14]} 15. Bf2 {[%clk 0:02:21]} Nf5 {[%clk 0:03:07]} 16. Rae1
{[%clk 0:01:41]} Bh6 {[%clk 0:03:07]} 17. Qd3 {[%clk 0:01:41]} Nhg3
{[%clk 0:02:06]} 18. Bxg3 {[%clk 0:01:41]} Nxg3 {[%clk 0:02:07]} 19. Rf2
{[%clk 0:01:42]} Bf5 {[%clk 0:02:02]} 20. Qc4+ {[%clk 0:01:43]} Kh8
{[%clk 0:01:59]} 21. Nd1 {[%clk 0:01:44]} Ne4 {[%clk 0:01:52]} 22. Rff1
{[%clk 0:01:44]} Bd2 {[%clk 0:01:34]} 23. g4 {[%clk 0:01:07]} Bxe1
{[%clk 0:01:13]} 24. gxf5 {[%clk 0:01:07]} Nd2 {[%clk 0:01:01]} 25. Nxd2
{[%clk 0:00:54]} Bxd2 {[%clk 0:01:02]} 26. fxg6 {[%clk 0:00:55]} Rg8
{[%clk 0:00:59]} 27. Bd3 {[%clk 0:00:48]} f5 {[%clk 0:00:54]} 28. Bxf5
{[%clk 0:00:43]} Qg5+ {[%clk 0:00:55]} 29. Kh1 {[%clk 0:00:41]} Raf8
{[%clk 0:00:50]} 30. Qxc7 {[%clk 0:00:39]} Rxg6 {[%clk 0:00:36]} 31. Qe5+
{[%clk 0:00:24]} Rg7 {[%clk 0:00:38]} 32. Qe4 {[%clk 0:00:19]} Rxf5
{[%clk 0:00:35]} 0-1

[Event "Blitz 2018"]
[Site "Saint-Petersburg"]
[Date "2018.12.30"]
[Round "14"]
[Board "35"]
[White "Grachev Boris (RUS)"]
[Black "Ponkratov Pavel (RUS)"]
[Result "1/2-1/2"]
[LiveChessVersion "1.4.8"]
[BlackElo "2688"]
[WhiteElo "2571"]

1. d4 {[%clk 0:03:02]} g6 {[%clk 0:03:03]} 2. Nf3 {[%clk 0:03:02]} Bg7
{[%clk 0:03:04]} 3. e4 {[%clk 0:02:48]} d6 {[%clk 0:03:02]} 4. Bd3
{[%clk 0:02:47]} Nf6 {[%clk 0:02:58]} 5. O-O {[%clk 0:02:43]} O-O
{[%clk 0:02:59]} 6. c3 {[%clk 0:02:44]} c5 {[%clk 0:02:56]} 7. dxc5
{[%clk 0:02:31]} dxc5 {[%clk 0:02:56]} 8. h3 {[%clk 0:02:32]} Qc7
{[%clk 0:02:55]} 9. Qe2 {[%clk 0:02:24]} Nc6 {[%clk 0:02:54]} 10. Na3
{[%clk 0:02:23]} a6 {[%clk 0:02:51]} 11. Nc4 {[%clk 0:02:23]} b5 {[%clk 0:02:45]}
12. Ne3 {[%clk 0:02:24]} e6 {[%clk 0:02:35]} 13. a4 {[%clk 0:02:17]} c4
{[%clk 0:02:36]} 14. Bc2 {[%clk 0:02:18]} Bb7 {[%clk 0:02:37]} 15. Ng4
{[%clk 0:02:07]} Nd7 {[%clk 0:02:05]} 16. Bh6 {[%clk 0:02:00]} Bxh6
{[%clk 0:02:01]} 17. Nxh6+ {[%clk 0:02:00]} Kg7 {[%clk 0:02:02]} 18. Ng4
{[%clk 0:01:59]} h5 {[%clk 0:02:03]} 19. Ngh2 {[%clk 0:01:56]} Nc5
{[%clk 0:01:59]} 20. Nd4 {[%clk 0:01:44]} e5 {[%clk 0:01:44]} 21. Nxc6
{[%clk 0:01:27]} Bxc6 {[%clk 0:01:44]} 22. axb5 {[%clk 0:01:27]} axb5
{[%clk 0:01:45]} 23. Nf3 {[%clk 0:01:26]} f6 {[%clk 0:01:43]} 24. Qe3
{[%clk 0:01:25]} Qe7 {[%clk 0:01:41]} 25. Rfd1 {[%clk 0:01:21]} Rxa1
{[%clk 0:01:41]} 26. Rxa1 {[%clk 0:01:22]} Ra8 {[%clk 0:01:42]} 27. Rxa8
{[%clk 0:01:18]} Bxa8 {[%clk 0:01:43]} 28. Nd2 {[%clk 0:01:15]} Bc6
{[%clk 0:01:38]} 29. h4 {[%clk 0:01:11]} Qd6 {[%clk 0:01:29]} 30. f3
{[%clk 0:01:02]} Be8 {[%clk 0:01:29]} 31. g3 {[%clk 0:00:58]} Bf7
{[%clk 0:01:28]} 32. Nb1 {[%clk 0:00:52]} Ne6 {[%clk 0:00:59]} 33. Na3
{[%clk 0:00:44]} Qd7 {[%clk 0:00:42]} 34. Kf2 {[%clk 0:00:39]} g5
{[%clk 0:00:40]} 35. hxg5 {[%clk 0:00:29]} fxg5 {[%clk 0:00:34]} 36. Ke1
{[%clk 0:00:20]} h4 {[%clk 0:00:32]} 37. gxh4 {[%clk 0:00:21]} gxh4
{[%clk 0:00:33]} 38. Qg1+ {[%clk 0:00:22]} Kf8 {[%clk 0:00:23]} 39. Qg4
{[%clk 0:00:23]} Qa7 {[%clk 0:00:15]} 40. Qxh4 {[%clk 0:00:16]} Qe3+
{[%clk 0:00:09]} 41. Kd1 {[%clk 0:00:17]} Qxf3+ {[%clk 0:00:09]} 42. Kc1
{[%clk 0:00:19]} Qf4+ {[%clk 0:00:05]} 43. Qxf4 {[%clk 0:00:19]} exf4
{[%clk 0:00:06]} 44. Nxb5 {[%clk 0:00:18]} Nc5 {[%clk 0:00:04]} 45. Kd2
{[%clk 0:00:16]} Ke7 {[%clk 0:00:05]} 46. Nd4 Kf6 47. Nf3 {[%clk 0:00:12]} Bh5
{[%clk 0:00:08]} 48. Nd4 {[%clk 0:00:09]} Ke5 {[%clk 0:00:10]} 49. Nc6+
{[%clk 0:00:10]} Kd6 {[%clk 0:00:11]} 50. Nd4 {[%clk 0:00:12]} Ke5
{[%clk 0:00:13]} 51. Nc6+ Kd6 52. Nd4 {[%clk 0:00:05]} Ke5 1/2-1/2

[Event "Blitz 2018"]
[Site "Saint-Petersburg"]
[Date "2018.12.30"]
[Round "14"]
[Board "37"]
[White "Moiseenko Vadim (RUS)"]
[Black "Sargissian Gabriel (ARM)"]
[Result "1-0"]
[LiveChessVersion "1.4.8"]
[BlackElo "2651"]
[WhiteElo "2560"]

1. e4 {[%clk 0:03:03]} e5 {[%clk 0:03:03]} 2. Nf3 {[%clk 0:03:03]} Nc6
{[%clk 0:03:04]} 3. g3 {[%clk 0:03:02]} Nf6 {[%clk 0:03:04]} 4. Nc3
{[%clk 0:03:02]} Bc5 {[%clk 0:02:55]} 5. Bg2 {[%clk 0:03:03]} d6 {[%clk 0:02:56]}
6. d3 {[%clk 0:03:03]} O-O {[%clk 0:02:56]} 7. O-O {[%clk 0:03:02]} a6
{[%clk 0:02:55]} 8. Be3 {[%clk 0:03:01]} Bxe3 {[%clk 0:02:43]} 9. fxe3
{[%clk 0:03:02]} Ne7 {[%clk 0:02:44]} 10. Nh4 {[%clk 0:03:00]} Ng6
{[%clk 0:02:44]} 11. Nf5 {[%clk 0:03:00]} c6 {[%clk 0:02:45]} 12. Qe2
{[%clk 0:02:47]} d5 {[%clk 0:02:44]} 13. Rad1 {[%clk 0:02:39]} Be6
{[%clk 0:02:44]} 14. Kh1 {[%clk 0:02:34]} Qb6 {[%clk 0:02:42]} 15. Rb1
{[%clk 0:02:00]} Rad8 {[%clk 0:02:42]} 16. h4 {[%clk 0:01:59]} dxe4
{[%clk 0:02:01]} 17. dxe4 {[%clk 0:01:47]} Qb4 {[%clk 0:01:50]} 18. Qf3
{[%clk 0:01:37]} Bxf5 {[%clk 0:01:43]} 19. Qxf5 {[%clk 0:01:19]} h5
{[%clk 0:01:14]} 20. a3 {[%clk 0:01:10]} Qc5 {[%clk 0:01:14]} 21. Qg5
{[%clk 0:01:04]} Rd2 {[%clk 0:01:09]} 22. Rbc1 {[%clk 0:00:54]} Ng4
{[%clk 0:01:02]} 23. Rf3 {[%clk 0:00:32]} Nf6 {[%clk 0:00:56]} 24. Bh3
{[%clk 0:00:22]} Rfd8 {[%clk 0:00:32]} 25. g4 {[%clk 0:00:22]} hxg4
{[%clk 0:00:25]} 26. Bxg4 {[%clk 0:00:23]} Nxg4 {[%clk 0:00:25]} 27. Qxg4
{[%clk 0:00:25]} R8d6 {[%clk 0:00:18]} 28. Rg1 {[%clk 0:00:24]} Rxc2
{[%clk 0:00:14]} 29. h5 {[%clk 0:00:25]} Rdd2 {[%clk 0:00:15]} 30. Rh3
{[%clk 0:00:26]} Rxb2 {[%clk 0:00:07]} 31. hxg6 {[%clk 0:00:24]} fxg6
{[%clk 0:00:08]} 32. Qe6+ {[%clk 0:00:23]} 1-0

[Event "Blitz 2018"]
[Site "Saint-Petersburg"]
[Date "2018.12.30"]
[Round "14"]
[Board "38"]
[White "Salem A.R. Saleh (UAE)"]
[Black "Sakaev Konstantin (RUS)"]
[Result "1-0"]
[LiveChessVersion "1.4.8"]
[BlackElo "2551"]
[WhiteElo "2645"]

1. d4 {[%clk 0:03:03]} Nf6 {[%clk 0:03:03]} 2. c4 {[%clk 0:03:03]} e6
{[%clk 0:03:04]} 3. Nc3 {[%clk 0:03:04]} Bb4 {[%clk 0:03:04]} 4. e3
{[%clk 0:03:05]} O-O {[%clk 0:03:04]} 5. Bd3 {[%clk 0:03:06]} d5 {[%clk 0:02:53]}
6. Nf3 {[%clk 0:03:06]} dxc4 {[%clk 0:02:50]} 7. Bxc4 {[%clk 0:03:06]} c5
{[%clk 0:02:51]} 8. O-O {[%clk 0:03:06]} Bd7 {[%clk 0:02:49]} 9. Qe2
{[%clk 0:03:02]} Bc6 {[%clk 0:02:40]} 10. Ne5 {[%clk 0:02:57]} cxd4
{[%clk 0:02:28]} 11. exd4 {[%clk 0:02:56]} Bxc3 {[%clk 0:01:33]} 12. bxc3
{[%clk 0:02:56]} Bd5 {[%clk 0:01:33]} 13. Bd3 {[%clk 0:02:57]} h6
{[%clk 0:01:05]} 14. c4 {[%clk 0:02:52]} Bc6 {[%clk 0:01:07]} 15. Bb2
{[%clk 0:02:53]} Nbd7 {[%clk 0:01:06]} 16. Rad1 {[%clk 0:02:43]} Nxe5
{[%clk 0:01:04]} 17. Qxe5 {[%clk 0:02:41]} Qb8 {[%clk 0:00:56]} 18. Qe3
{[%clk 0:02:27]} Qd6 {[%clk 0:00:56]} 19. Ba3 {[%clk 0:02:22]} Qd7
{[%clk 0:00:49]} 20. Bxf8 {[%clk 0:02:21]} Rxf8 {[%clk 0:00:50]} 21. h3
{[%clk 0:01:55]} Rc8 {[%clk 0:00:48]} 22. Rc1 {[%clk 0:01:51]} a6
{[%clk 0:00:48]} 23. Rfd1 {[%clk 0:01:38]} Ba4 {[%clk 0:00:49]} 24. Rd2
{[%clk 0:01:33]} Qd6 {[%clk 0:00:50]} 25. Bf1 {[%clk 0:01:28]} Qb4
{[%clk 0:00:48]} 26. a3 {[%clk 0:01:00]} Qd6 {[%clk 0:00:48]} 27. Re1
{[%clk 0:00:58]} Bc6 {[%clk 0:00:45]} 28. Rb1 {[%clk 0:00:53]} Ne4
{[%clk 0:00:43]} 29. Rdd1 {[%clk 0:00:52]} Nf6 {[%clk 0:00:42]} 30. Be2
{[%clk 0:00:50]} Be4 {[%clk 0:00:39]} 31. Rbc1 {[%clk 0:00:48]} Rc7
{[%clk 0:00:34]} 32. Bf3 {[%clk 0:00:48]} Bf5 {[%clk 0:00:33]} 33. Qc3
{[%clk 0:00:37]} Qd7 {[%clk 0:00:28]} 34. Qb4 {[%clk 0:00:37]} g5
{[%clk 0:00:25]} 35. d5 {[%clk 0:00:36]} exd5 {[%clk 0:00:22]} 36. cxd5
{[%clk 0:00:34]} Rxc1 {[%clk 0:00:23]} 37. Rxc1 {[%clk 0:00:35]} h5
{[%clk 0:00:21]} 38. Qd4 {[%clk 0:00:36]} Qd6 {[%clk 0:00:20]} 39. Re1
{[%clk 0:00:32]} g4 {[%clk 0:00:21]} 40. hxg4 {[%clk 0:00:32]} hxg4
{[%clk 0:00:23]} 41. Qe5 {[%clk 0:00:32]} 1-0

[Event "Blitz 2018"]
[Site "Saint-Petersburg"]
[Date "2018.12.30"]
[Round "14"]
[Board "39"]
[White "Oparin Grigoriy (RUS)"]
[Black "Maslak Konstantin (RUS)"]
[Result "1-0"]
[LiveChessVersion "1.4.8"]
[BlackElo "2537"]
[WhiteElo "2641"]

1. Nf3 {[%clk 0:03:03]} d6 {[%clk 0:03:03]} 2. e4 {[%clk 0:03:03]} Nf6
{[%clk 0:03:01]} 3. Nc3 {[%clk 0:02:59]} e5 {[%clk 0:03:02]} 4. d4
{[%clk 0:03:00]} Nbd7 {[%clk 0:03:02]} 5. g4 {[%clk 0:02:59]} Nxg4
{[%clk 0:02:39]} 6. Rg1 {[%clk 0:03:00]} Ngf6 {[%clk 0:02:40]} 7. Be3
{[%clk 0:03:01]} c6 {[%clk 0:02:23]} 8. Qd2 {[%clk 0:03:01]} exd4
{[%clk 0:02:13]} 9. Nxd4 {[%clk 0:03:01]} Nc5 {[%clk 0:01:54]} 10. f3
{[%clk 0:02:50]} Qe7 {[%clk 0:01:33]} 11. O-O-O {[%clk 0:02:46]} Be6
{[%clk 0:01:24]} 12. Nxe6 {[%clk 0:02:45]} Qxe6 {[%clk 0:01:10]} 13. Bxc5
{[%clk 0:02:37]} dxc5 {[%clk 0:01:08]} 14. e5 {[%clk 0:02:38]} Nd7
{[%clk 0:00:39]} 15. Bc4 {[%clk 0:02:27]} Qe7 {[%clk 0:00:20]} 16. Ne4
{[%clk 0:02:28]} Nxe5 {[%clk 0:00:14]} 17. Qc3 {[%clk 0:01:17]} g6
{[%clk 0:00:06]} 18. Nd6+ {[%clk 0:01:12]} Kd7 {[%clk 0:00:04]} 19. Nxf7+
{[%clk 0:01:04]} Kc7 {[%clk 0:00:05]} 20. Nxe5 {[%clk 0:00:46]} Bg7
{[%clk 0:00:04]} 21. f4 {[%clk 0:00:43]} Rad8 {[%clk 0:00:04]} 22. a3
{[%clk 0:00:29]} Qf6 {[%clk 0:00:04]} 23. Kb1 {[%clk 0:00:17]} Kb8
{[%clk 0:00:04]} 24. Nd7+ {[%clk 0:00:15]} Rxd7 {[%clk 0:00:04]} 25. Rxd7
{[%clk 0:00:16]} 1-0